| 000 | 00375nam a2200145 a 4500 | ||
|---|---|---|---|
| 005 | 20140414132110.0 | ||
| 008 | 100901s19uu xx 00 eng d | ||
| 050 |
_aFIC _bSt5 2003 |
||
| 100 | _aStilton, Geronimo | ||
| 245 | _aTemple of the Ruby of fire (The). | ||
| 260 |
_aNew York : _bScholastic, _c2003. |
||
| 300 | _a120 | ||
| 440 | _aGeronimo Stilton | ||
| 999 |
_c114708 _d114708 |
||